000 01109nam a2200313 a 4500
001 000044151
005 20260415194003.0
008 140602s2009 dr a 000 0 spa d
020 _a9789945869934 (v.1)
020 _a9789945869930 (v.2)
020 _a9789945869910 (v.3)
020 _a9789945869934 (v.4)
020 _a9789945869989 (v.5)
020 _a9789945869965 (v.6)
020 _a9789945869972(v.7)
040 _aDO-SdBNP
_bspa
_cBNPHU
082 _a306.85
100 1 _aOrtega, Sandra
_972164
245 1 0 _aVivencias en familia /
_cSandra Ortega.
260 _aSanto Domingo :
_bBúho,
_c2009.
300 _aV. :
_bil. ;
_c23 cm.
490 1 _aColeccionable
505 0 _av. :
_tel hogar de los abuelos --
_gv.1 :
_tEl nacimiento de Daniel --
_gv. 4 :
_tLlegó Enmanuel --
_gv. 5 :
_tEspecial para los pequeños --
_gv. 6 :
_tLos vigilantes del planeta--
_gv. 7 :
_tviva la navidad
650 4 _aEducación en el hogar
_9798
650 0 _aPadres de familia e hijos
_972165
650 4 _aAncianos
_xRelaciones familiares
_931088
650 0 _aSociología
_91061
830 0 _aColeccionable
_97235
999 _c43640
_d43640